000 00605nam a2200241Ia 4500
003 OSt
005 20221007082245.0
006 a|||||r|||| 00| 0
007 ta
008 221006b |||||||| |||| 00| 0 eng d
024 _a30,065
037 _cReports / Technical Reports
040 _aFLL
_cFLL
_beng
041 _2eng
_aeng
082 _aY:5.2-N64, K4
110 _aGovt.of India
245 0 _aNational sample survey
260 _c1964
300 _a89p
_ccm.
700 _aGovt.of India
942 _hY:5.2-N64, K4
_cREP
_2CC
999 _c1165843
_d1165843